LIBRARY & INFORMATION CENTRE, KCAET, TAVANUR

ONLINE PUBLIC ACCESS CATALOGUE (OPAC)

Development and Performance Evaluation of a Semi-Automatic Pineapple Peeling Machine (Record no. 14897)

MARC details
000 -LEADER
fixed length control field 00772nam a22001817a 4500
003 - CONTROL NUMBER IDENTIFIER
control field OSt
088 ## - REPORT NUMBER
Report number P 367
100 ## - MAIN ENTRY--AUTHOR NAME
Personal name ABDUL VAHID P
-- ANJALI A.V
-- ANJITHA P.K
-- ARUN KRISHNAN A
-- NETHU K.P
245 ## - TITLE STATEMENT
Title Development and Performance Evaluation of a Semi-Automatic Pineapple Peeling Machine
260 ## - PUBLICATION, DISTRIBUTION, ETC. (IMPRINT)
Place of publication Tavanur 2017
Name of publisher Department of Food and Agricultural Process Engineering
300 ## - PHYSICAL DESCRIPTION
Number of Pages 80
500 ## - GENERAL NOTE
General note Development and Performance Evaluation of a Semi-Automatic Pineapple Peeling Machine
520 ## - SUMMARY, ETC.
Summary, etc Development and Performance Evaluation of a Semi-Automatic Pineapple Peeling Machine
700 ## - ADDED ENTRY--PERSONAL NAME
Personal name Dr. Santhi Mary Mathew (Guide)
856 ## - ELECTRONIC LOCATION AND ACCESS
Uniform Resource Identifier https://drive.google.com/open?id=1qfyibZgQLrN7s3TWGTby6iPc5-PpZHo4
942 ## - ADDED ENTRY ELEMENTS (KOHA)
Koha item type Project Report
Holdings
Collection code Home library Current library Shelving location Full call number Accession Number Koha item type
Reference KAUAET KAUAET Reference 664 ABD/DE P 367 Project Report
free website counter